Central Library OPAC University of Rajshahi

Psychology, what it has to teach you about yourself and the world you live in / (Record no. 74674)

MARC details
000 -LEADER
fixed length control field 00824nam a22002532a 4500
001 - CONTROL NUMBER
control field 74674
003 - CONTROL NUMBER IDENTIFIER
rucl marc code UkOxU
005 - DATE AND TIME OF LATEST TRANSACTION
control field 20211209082603.0
008 - FIXED-LENGTH DATA ELEMENTS--GENERAL INFORMATION
fixed length control field 860101r19261924enk 000 0 eng c
035 ## - SYSTEM CONTROL NUMBER
System control number OCLC ocm14127594 from D960423M
040 ## - CATALOGING SOURCE
Original cataloging agency Library, U.S. Bur. of Education
Transcribing agency EYP
Modifying agency EQO
Language of cataloging eng
041 ## - LANGUAGE CODE
Language code of text/sound track or separate title eng
082 ## - DEWEY DECIMAL CLASSIFICATION NUMBER
Edition number 23
Classification number 150
Author mark and year MAP 1926
092 ## - LOCALLY ASSIGNED DEWEY CALL NUMBER (OCLC)
Classification number D0503838889
100 1# - MAIN ENTRY--PERSONAL NAME
Personal name Martin, Everett Dean,
Dates associated with a name 1880-1941.
9 (RLIN) 224969
245 10 - TITLE STATEMENT
Title Psychology, what it has to teach you about yourself and the world you live in /
Statement of responsibility, etc. by Everett Dean Martin
260 ## - PUBLICATION, DISTRIBUTION, ETC. (IMPRINT)
Place of publication, distribution, etc. London :
Name of publisher, distributor, etc. J. Cape, limited,
Date of publication, distribution, etc. [1926]
300 ## - PHYSICAL DESCRIPTION
Pagination 380 p.
Size 20 cm
500 ## - GENERAL NOTE
General note First published in New York, 1924
650 #0 - SUBJECT ADDED ENTRY--TOPICAL TERM
Topical term or geographic name as entry element Psychology
9 (RLIN) 224970
942 ## - ADDED ENTRY ELEMENTS (KOHA)
Source of classification or shelving scheme Dewey Decimal Classification
Koha item type Books
Holdings
Lost status Source of classification or shelving scheme Damaged status Not for loan Collection code Permanent Location Current Location Shelving location Date acquired Source of acquisition Cost, normal purchase price Total Checkouts Full call number Date last seen Copy number Koha item type
  Dewey Decimal Classification   Not For Loan Non-fiction Central Library, University of Rajshahi Central Library, University of Rajshahi Reading Room 08/03/1956 B.H. black Well 0.55   150 MAP 1926 17/11/2018 C-1 Books